Giáo trình Luật Hành chính Việt Nam

Salvato in:
Dettagli Bibliografici
Autore principale: Trần, Minh Hương
Natura: Libro
Lingua:Undetermined
Pubblicazione: Hà Nội Công an Nhân dân 2005
Soggetti:
Tags: Aggiungi Tag
Nessun Tag, puoi essere il primo ad aggiungerne! !
Thư viện lưu trữ: Trung tâm Học liệu Trường Đại học Cần Thơ
LEADER 00571nam a2200205Ia 4500
001 CTU_94971
008 210402s9999 xx 000 0 und d
020 |c 57000 
082 |a 351.597 
082 |b H561 
100 |a Trần, Minh Hương 
245 0 |a Giáo trình Luật Hành chính Việt Nam 
245 0 |c Trần Minh Hương 
260 |a Hà Nội 
260 |b Công an Nhân dân 
260 |c 2005 
650 |a Administrative law 
650 |z Vietnam 
904 |i Trúc 
980 |a Trung tâm Học liệu Trường Đại học Cần Thơ